• 首页
  • 本馆介绍
  • 公告通知
  • 最新文献
  • 馆藏检索
  • 电子资源
  • 读者导购
  • 参考咨询
  • 我的图书馆
  • 登录
  • 详细信息显示
  • 放入我的书架
  • 预约/预借图书
  • 作者相关作品
  • 分类相关作品
  • 丛书相关作品
  • 出版社相关作品

书目信息

  • 表格格式
  • 工作单格式
  • 卡片格式
题名:
英国美术史话
    
 
作者: 李建群 著
分册:  
出版信息: 北京   人民美术出版社  2004
页数: 169页
开本: 21cm
丛书名: 中国文库
单 册:
中图分类: J156.109
科图分类:
主题词: 美术史--英国 , 美术史
电子资源:
ISBN: 7-102-02965-9
000 00904oam2 2200277 450
001 1240660139
005 20121019111827.89
010    @a7-102-02965-9@dCNY25.00
100    @a20050119d2004 em y0chiy50 ea
101 0  @achi
102    @aCN@b110000
105    @aa z 000yy
200 1  @a英国美术史话@Aying guo mei shu shi hua@f李建群著
210    @a北京@c人民美术出版社@d2004
215    @a169页@c图@d21cm
225 2  @a中国文库@i艺术类
308    @a文库第一辑
330    @a本书以英国历史上出现的画家、画派,作品以及作品所表现的历史事件、人物、社会为脉络,描述了几个世纪以来英国美术发展的历程。同时通过文字及100幅彩图反映了英国美术的风貌和艺术特色。
461  0 @12001 @a中国文库
462  0 @12001 @a艺术类
606 0  @a美术史@y英国
606 0  @a美术史
690    @aJ156.109@v4
701  0 @a李建群@Ali jian qun@f(1955~)@4著
801  0 @aCN@bNLC@c20101222
905    @a10447@dJ156.109@eJY43
    
    英国美术史话/李建群著.-北京:人民美术出版社,2004
    169页:图;21cm.-(中国文库.艺术类)
    
    
    ISBN 7-102-02965-9:CNY25.00
    本书以英国历史上出现的画家、画派,作品以及作品所表现的历史事件、人物、社会为脉络,描述了几个世纪以来英国美术发展的历程。同时通过文字及100幅彩图反映了英国美术的风貌和艺术特色。
●
相关链接 在E读中查询图书 在五车中查询图书 在当当中查询图书 在豆瓣中查询图书


正题名:英国美术史话     索取号:J156.109/JY43         预约/预借

序号 登录号 条形码 馆藏地/架位号 状态 备注
1 7833521   278335213   学院路分馆/ [索取号:J156.109/JY43] 在馆    
2 7833522   278335222   学院路分馆/ [索取号:J156.109/JY43] 在馆    
3 7833523   278335231   学院路分馆/ [索取号:J156.109/JY43] 在馆    
4 7833524   278335240   学院路分馆/ [索取号:J156.109/JY43] 在馆    
唐山师范学院图书馆 欢迎您!
大连网信软件有限公司© 版权所有